LEADER 00746nam a2200193 i 4500 001 000000176464 003 CaOOAMICUS 005 20081205000000.0 008 081205s1924 it u000 u mul u 013 $a153953 040 $aSeMil$bita 245 12$aL'épos homérique ; Le poème représenté. 300 $a459 p. 490 0 $aCollection des Universités de France 773 0 $tIntroduction a l'Odyssée.$dParis : Les Belles Lettres, 1924-1925.$gTome1$w()20448 830 0$aCollection des Universités de France.$0(OLS)http://semarc/title/6036 850 $aSeMil 852 $aSeMil$W1$xVenegono$y1$m1Z VI 18$j237518$B127286$CSeMilBibl$Z2$F137703 $81 996 $6245$aL'épos homérique ; Le poème représenté$9(OLS)http://semarc/title/253288 LEADER 00904nam a2200229 i 4500 001 000000065922 003 CaOOAMICUS 005 20090311000000.0 008 090311s1959 it u000 u ita u 013 $a37094 040 $aSeMil$bita 245 13$aLa delinquenza minorile :$bfattori psico-sociali. 260 $aBologna :$bG. Malipiero,$c[1959] 300 $a131 p. ;$c21 cm. 490 0 $aCollana di studi di servizio sociale 650 4$aDelinquenza minorile.$0(OLS)http://semarc/subject/6391 830 0$aCollana di studi di servizio sociale.$0(OLS)http://semarc/title/21446 850 $aSeMil 852 $aSeMil$W1$xVenegono$y1$m2Q I 76$j32075$B32075$CSeMilBibl$Z2$F32078 $81 961 $aOmaggio: Aceti don Guido 996 $6245$aLa delinquenza minorile :$bfattori psico-sociali$9(OLS)http://semarc/title/104725 996 $6260$aBologna :$bG. Malipiero$9(OLS)http://semarc/publisher/42633